| 000 | 01073nas a2200337 4500 | ||
|---|---|---|---|
| 001 | BR2011004510 | ||
| 003 | BR-BrBNA | ||
| 005 | 20231205115518.0 | ||
| 007 | ta | ||
| 008 | 230509b bl.|||p| |||| 00| 00por d | ||
| 040 |
_aBR-BrBNA _bpor _cBiblioteca Nacional de Agricultura |
||
| 041 | _a(Pt) | ||
| 072 | _aJ11 | ||
| 100 | 1 | _aDuarte, A.P. | |
| 100 | 1 | _aHenriques, D.R. | |
| 100 | 1 | _aCôrrea, P.C. | |
| 100 | 1 | _aPaterniani, M.E.A.G.Z. | |
| 245 | 1 | _aProdutividade, aparência, densidade e suscetibilidade à quebra dos grãos em híbridos de milho safrinha | |
| 246 | 1 | _aYield, kernel appearance, density and breakage susceptibility in maize hybrids grown off-season | |
| 650 | _aMILHO | ||
| 650 | _aZEA MAYS | ||
| 650 | _aCOLHEITA | ||
| 650 | _aGRÃO | ||
| 650 | _aMASSA | ||
| 650 | _aPESO | ||
| 650 | _aVOLUME | ||
| 650 | _aPERDA DURANTE A COLHEITA | ||
| 773 | 0 |
_tRevista Brasileira de Milho e Sorgo (Brazil) _xISSN 1676-689X _g(May-Aug 2007), v. 6(2) p. 174-185 _wBR2011004510 |
|
| 909 |
_a202311 _bLúcia _c55 _dLúcia Elande |
||
| 942 |
_2AGRIS _n0 _cANA |
||
| 999 |
_c214177 _d214177 |
||